000 00694nam a22002297a 4500
999 _c18697
_d18697
003 AR-CdUCM
008 190223b ||||| |||| 00| 0 spa d
020 _a8430507531
040 _aMUNICIPALIDAD PROVINCIAL DEL CUSCO
_cBIBLIOTECA MUNICIPAL DEL CUSCO
082 _a818.36 /
_bM41
100 _aMelville, Herman
_91506
245 _aMoby Dick /
260 _aEspaña :
_bI.D.A.G & AFHA,
_c1964.
300 _a235 páginas ;
_bilustraciones,
_c21cm.
440 _aAuriga
_939436
650 _aNovelas estadounidenses
_9734
650 _aNovelas siglo XIX
_9853
650 _aNovelas del mar
_91508
700 _aMontero, J. P. (ilustraciones)
_91509
942 _2ddc
_cLIBROS
945 _awfj